Sports Quiz

Random Sports or Baseball Quiz

Premier League or Major League Baseball Quiz Stats

 Plays Quiz Updated May 11, 2019

Score 0/20 Timer 02:30
2 Plays Today
Question Answer Wrong Answers
Mohamed Salah Premier League
97.1%
Major League Baseball
1.6%
Robin van Persie Premier League
97.1%
Major League Baseball
1.6%
Cesc Fàbregas Premier League
97%
Major League Baseball
1.7%
Mike Trout Major League Baseball
96.3%
Premier League
2.4%
Buster Posey Major League Baseball
96.3%
Premier League
2.4%
Vincent Kompany Premier League
96%
Major League Baseball
2.6%
Chase Utley Major League Baseball
95.9%
Premier League
2.8%
Aaron Judge Major League Baseball
95.8%
Premier League
2.9%
Ryan Braun Major League Baseball
95%
Premier League
3.7%
Jamie Vardy Premier League
94.4%
Major League Baseball
4.3%
Roger Clemens Major League Baseball
94.4%
Premier League
4.4%
Patrick Vieira Premier League
93.5%
Major League Baseball
5.2%
Albert Pujols Major League Baseball
93.2%
Premier League
5.5%
Ichiro Suzuki Major League Baseball
92.4%
Premier League
6.3%
Luis Suárez Premier League
91.7%
Major League Baseball
7.1%
Jim Edmonds Major League Baseball
90.5%
Premier League
8.2%
Brian McCann Major League Baseball
87.8%
Premier League
10.9%
Joe Cole Premier League
87.1%
Major League Baseball
11.7%
Tim Krul Premier League
84.9%
Major League Baseball
13.8%
Mark Hughes Premier League
79.5%
Major League Baseball
19.2%

You're not logged in!

Compare scores with friends on all Sporcle quizzes.
OR
Log In

Show Comments

Extras

Top Quizzes Today


Score Distribution

Your Account Isn't Verified!

In order to create a playlist on Sporcle, you need to verify the email address you used during registration. Go to your Sporcle Settings to finish the process.

Report this User

Report this user for behavior that violates our Community Guidelines.

Details: